00321pab a2200121 454500008004000000100002400040245005900064260000900123300001200132362001200144650002200156773002100178180718b1997 xxu||||| |||| 00| 0 eng d aThakur, Vijay Kumar aUrban decay, ecological imbalance and the Brahtsamhita c1997 ap.13-32 aMay-Jun aUrban development aSocial Scientist